00323nam a2200121Ia 4500008004100000041000800041082001700049100002400066245004300090250000800133260005200141300000800193231228s1989 xx 000 0 und d aeng a658 .15bBRI aBRIGHAM (Eugene E.) aFundamentals of Financial Management.. a5th aChicagobThe Dryden Press Chicago Chicagoc1989 a855